| 000 | 00585nam a2200181 i 4500 | ||
|---|---|---|---|
| 001 | 34277 | ||
| 003 | ES-MaACL | ||
| 005 | 20230906154915.0 | ||
| 007 | t| | ||
| 008 | 030204s1906 fr ||||1| fre d | ||
| 100 | 1 |
_aBloch, Jules. _929510 |
|
| 245 | 1 | 3 |
_aLa phrase nominale en sanscrit / _cpar Jules Bloch. |
| 260 |
_aParís : _bHonoré Champion, _c1906 ( _eChartres : _fDurand) |
||
| 300 |
_a70 p. ; _c25 cm. |
||
| 500 | _aExtrait des memoires de la societé de linguistique, tome XIV. | ||
| 650 | 0 | 4 |
_aLengua sánscrita- _xGramática. _914322 |
| 852 |
_aES-MaACL _j1835-F-24 _bR.20865 |
||
| 999 |
_c34277 _d34277 |
||